Normal view MARC view

Entry Personal Name

Number of records used in: 1

001 - CONTROL NUMBER

  • control field: 24046

003 - CONTROL NUMBER IDENTIFIER

  • control field: OSt

005 - DATE AND TIME OF LATEST TRANSACTION

  • control field: 20211105134824.0

008 - FIXED-LENGTH DATA ELEMENTS

  • fixed length control field: 211105|| aca||aabn | a|a d

040 ## - CATALOGING SOURCE

  • Original cataloging agency: OSt
  • Transcribing agency: OSt

100 ## - HEADING--PERSONAL NAME

  • Personal name: Gurzadyan, V. G., ed

670 ## - SOURCE DATA FOUND

  • Source citation: Work cat.: (OSt): ICRA Network Workshop on the Chaotic Universe 2 Rome, Italy 1999 Feb. 1-5 24045, The chaotic universe, 2000

Powered by Koha